000 00953nam a22002537a 4500
003 DO-SdBNP
005 20220531084015.0
007 ta
008 210421e2020 dr ||||er|||| 00| 0 spa d
020 _a9789945093186
040 _aDO-SdBNP
_bspa
_cBNPHU
041 _hspa
082 4 _a363.1
_bM539p
_222
100 1 0 _aMendoza , Domingo
_d1964
_978463
245 1 _aPrevención del delito y seguridad ciudadana /
_cDomingo Mendoza.
260 _aSanto Domingo de Guzmán ;
_bFundación universitaria integral de Educación a Distancia ,
_c2020
300 _a348 p. :
_bil. ;
_c23 cm.
500 _aIncluye referencias bibliográficas y notas al pie de páginas.
500 _aIncluye datos biográficos del autor en la solapa de la cubierta .
650 4 _aSeguridad social
_zRepública Dominicana
_92151
650 4 _aDelitos contra seguridad pública
_zRepública Dominicana
_978635
910 _aValidado. Control de calidad MFF
942 _2ddc
_cLBS1
999 _c49774
_d49774